00700nam a2200205Ia 4500003000900000008004100009040001600050080001300066100002200079245009700101260003800198300001500236490005700251650001900308650001100327650002000338942000700358999001500365952011400380IN-BaIIA211028s9999 xx 000 0 eng d cIIA Library a535bFRA aFrancon, M.94622 0aModern applications of physical opticsctranslated from the French by Scripta Technica, inc. aNew YorkbJohn Wiley & Sonsc1963 aviii,106p. aInterscience tracts on physics and astronomy; no. 13 aNASA thesaurus aOptics aPhysical optics cBK c2601d2601 00104070aBANbBANcGENd1966-03-30g22.28l0o535/ FRAp2904r2021-11-05v22.28w1966-03-30yBKGRs. 22.28